Visualizzazione normale
Vista MARC
- Rigotti Francesca
di Personal Name
Records bibliografici associati: 2
001 - CONTROL NUMBER
- control field: 60757
003 - CONTROL NUMBER IDENTIFIER
- control field:
005 - DATE AND TIME OF LATEST TRANSACTION
- control field: 20240531104117.0
008 - FIXED-LENGTH DATA ELEMENTS
- fixed length control field: 240531|| aca||aabn | a|a d
040 ## - CATALOGING SOURCE
- Original cataloging agency:
- Transcribing agency:
100 ## - HEADING--PERSONAL NAME
- Personal name: Rigotti Francesca
670 ## - SOURCE DATA FOUND
- Source citation: Work cat.: ()224615: Rigotti Francesca, Die schwere Entbindung der Entbindungsphilosophie, 2012